LEADER 02151nam a2200373 u 4500 001 000000013894 003 CaOOAMICUS 005 20070226105712.0 008 940517s1953 it u000 u ita u 035 $a10330513 040 $aPUL$bita 041 1 $aita$agrc 100 0 $aIohannes Chrysostomus,$cs., patriarca di Costantinopoli,$d347-407.$0(OLS)http://pul/name/2351 240 10$aHomiliae in Genesim$9(Iohannes Chrysostomus, s., patriarca di Costantinopoli, 347-407).$lItaliano e Greco$01-10.$0(OLS)http://pul/title/20005 245 10$aDiscorso esortatorio per l'inizio della santa quaresima del nostro santo padre Giovanni Crisostomo, arcivescovo di Costantinopoli /$ctesto con versione, introduzione e note di M. L. Cervini. 246 35$aSanctorum patrum graecorum et latinorum opera selecta 260 $aTorino :$bS.E.I.,$c1953. 300 $axxxi, 293 p. ;$c21 cm 490 1 $aCorona Patrum Salesiana.$aSerie greca ;$v16 500 $aTesto greco e trad. italiana a fronte. 630 04$aBiblia.$pV.T.$pGenesis.$nI$xCommenti.$0(OLS)http://pul/subject/9705 650 4$aPadri della Chiesa.$0(OLS)http://pul/subject/533 700 1 $aCervini, M. L.$0(OLS)http://pul/name/12988 830 0$aCorona Patrum Salesiana.$pSerie greca ;$v16.$0(OLS)http://pul/title/7423 850 $aPUL 852 $aPUL$W1$xSL Religione 1$y3$m17 P 16G$j19534$nBK-PRI$b $qStampati$B19534$CPULBib$Z2$F19534 $H $81 852 $aPUL$W1$xDP1 Fondo Cecchetti$y53$m267 B 15$j19535$nBK-PRI$b $qFondi$B19535$CPULBib$Z2$F19535 $HPUL1794 $81 900 $aGiovanni Crisostomo,$cs., patriarca di Costantinopoli,$d347-407$92351 900 $aCrisostomo, Giovanni,$cs., patriarca di Costantinopoli,$d347-407$92351 941 1 $a1 941 1 $a8 996 $6245$aDiscorso esortatorio per l'inizio della santa quaresima del nostro santo padre Giovanni Crisostomo, arcivescovo di Costantinopoli$9(OLS)http://pul/title/20006 996 $6246$aSanctorum patrum graecorum et latinorum opera selecta$9(OLS)http://pul/title/1961 996 $6260$aTorino :$bS.E.I.$9(OLS)http://pul/publisher/50772 LEADER 01518nam a2200313 u 4500 001 000000120135 003 CaOOAMICUS 005 20100218130913.0 008 100218s1947 it u000 u ita r 040 $aPUL$bita$dMCT 041 1 $aita$hfre 100 1 $aMarmion, Columba,$cbeato,$d1858-1923.$0(OLS)http://pul/name/45409 240 10$aConsécration à la Sainte Trinité.$lItaliano.$0(OLS)http://pul/title/151119 245 10$aConsacrazione alla SS. Trinità /$cd. Columba Marmion O.S.B. ; testo e commento a cura di don Raimondo Thibaud ; traduzione del sac. Giovanni Barra ; [prefazione di S.E. Fr. Agostino Gemelli O.F.M.]. 260 $aMilano :$bVita e pensiero,$c1947. 300 $aXXXI, 317 p. ;$c20 cm 490 1 $aBiblioteca ascetica ;$v22 650 4$aTrinità.$0(OLS)http://pul/subject/2463 700 1 $aThibaut, Raymond,$cO.S.B.,$d1877-1962.$0(OLS)http://pul/name/54860 700 1 $aGemelli, Agostino,$cO.F.M.,$d1878-1959.$0(OLS)http://pul/name/4046 700 1 $aBarra, Giovanni,$csac.$0(OLS)http://pul/name/870 830 0$aBiblioteca ascetica ;$v22.$0(OLS)http://pul/title/1016 850 $aPUL 852 $aPUL$W1$xDP1 Religione 1$y20$m576 F 15$j137765$qStampati$B136902$CPULBib$Z2$F136902 $H38960 $82 941 1 $a8 960 $aTeologia trinitaria$92463 960 $aTeologia trinitaria$92463 996 $6245$aConsacrazione alla SS. Trinità$9(OLS)http://pul/title/151120 996 $6260$aMilano :$bVita e pensiero$9(OLS)http://pul/publisher/48016